1662 1231 1410 1535 1907 1933 1451 1955 1907 1284 1432 1559 1069 1391 1919 1464 1919 1730 1039 1372 1325 1280 1806 1653 1155 1880 1041 1484 1404 1368 1674 1903 1527 1921 1897 1512 1597 1998 1027 1114 1587 1769 1432 1740 1127 1158 1941 1393 1693 1033 1607 1811 1338 1607 1458 1548 1716 1675 1569 1984 1523 1498 1202 1931 1204 1485 1510 1016 1103 1214 1344 1608 1078 1208 1697 1345 1334 1683 1733 1432 1578 1750 1212 1938 1388 1878 1914 1793 1767 1640 1193 1684 1827 1063 1982 1497 1412 1648 1011 BCNSPRNW ULIB Ver.6.0+V

เปลี่ยนเป็นภาษาไทย

Change to English
 แสดงรายละเอียดบรรณานุกรม
  กลับหน้าหลัก

Brief Record : Get Marc (ISO 2709) : E-mail record : QR code < ปิดหน้าต่าง
LEADER : 00000nam 2200000uu 4500
001    13399115179
003     ULIB
008    120718s2553||||th 000 0 tha d
020    ^a9746117297(ล.1)
060  4 ^aWA308^bม747อ ล.1 2553
110 1  ^aมหาวิทยาลัยสุโขทัยธรรมาธิราช^bสาขาวิชาคหกรรม
245 00 ^aเอกสารการสอนชุดวิชา อนามัยครอบครัว หน่วยที่1-7=^bFamily Health/^cเทวี โพธิผละและคณะ
246 0  ^aFamily Health
250    ^aพิมพ์ครั้งที่ 15
260    ^aนนทบุรี:^bศูนย์หนังสือมหาวิทยาลัยสุโขทัยธรรมาธิราช,^c2553
300    ^a493 หน้า
650  7 ^aFamily Health
650  7 ^aการวางแผนครอบครัว
650  7 ^aอนามัยครอบครัว
700 0  ^aเทวี โพธิผละ ,^eประธานกรรมการกลุ่มผลิตหนังสือชุดวิชาอนามัยครอบครัว
710 1  ^aมหาวิทยาลัยสุโขทัยธรรมาธิราช^bสาขาวิชาคหกรรมศาสตร์
945    ^p0^l0^i16882
995    ^aกัณชพร
999    ^aใช้งานได้ทุกระบบ
รายการนี้ยังไม่มีแท็ก
คุณยังไม่ได้ล็อกอิน คุณสามารถมีกิจกรรมร่วมกับเว็บไซต์ได้ แต่ต้องล็อกอินก่อน ::
  ล็อกอิน

รายการสื่อสารสนเทศ

ลำดับที่ ประเภท เลขเรียก/บาร์โค้ด สถานที่ สถานะ
- ไม่พบข้อมูล -

รายการใกล้เคียง
    หัวเรื่อง [Family Health]
    หัวเรื่อง [การวางแผนครอบครัว]
    หัวเรื่อง [อนามัยครอบครัว]

BibComment


ยังไม่เคยถูกคอมเมนท์

คอมเมนท์ทรัพยากรรายการนี้
  คอมเมนท์: เอกสารการสอนชุดว..


 Copyright 2026. Bcnsprnw @Library